Do Not Use 'E' - Statistics

General Stats
  • This quiz has been taken 9 times
  • The average score is 1 of 20
Answer Stats
Hint Answer % Correct
1st John Adams
80%
19th Apollo
20%
15th Ontario
20%
4th Abraham Lincoln
0%
11th Barack Obama
0%
18th British Columbia
0%
20th Dionysus
0%
12th Donald Trump
0%
7th Harry S. Truman
0%
2nd John Quincy Adams
0%
8th Lyndon B. Johnson
0%
16th Manitoba
0%
17th Nova Scotia
0%
14th Nunavut
0%
9th Richard M. Nixon
0%
5th William Howard Taft
0%
10th William J. Clinton
0%
6th Woodrow Wilson
0%
13th Yukon
0%
3rd Zachary Taylor
0%
No matching quizzes found
Score Distribution
Percent of People with Each Score
Percentile by Number Answered
Your Score History
You have not taken this quiz